| 000 | 00459nam a22001457a 4500 | ||
|---|---|---|---|
| 999 |
_c7739 _d7737 |
||
| 005 | 20210323141018.0 | ||
| 008 | 210323b ||||| |||| 00| 0 eng d | ||
| 082 | _a345.408 23 | ||
| 100 |
_aMANOHAR AND CHITALEY _96503 |
||
| 245 | _aTHE AIR AMNUAL CIVIL AND CASES CRIMINAL [CIVIL, P.C.[1908] ORDER,39 TO COMPANIES ACT [1956] SECTION - 81 [VOL-7] | ||
| 260 |
_aNAGPUR _bTHE ALL INDIA REPORTER PVT.LTD |
||
| 300 | _a1328,p | ||
| 650 |
_aLAW _95701 |
||
| 942 | _cJRL | ||